Statistics (Record no. 6527)

MARC details
000 -LEADER
fixed length control field 00525 a2200205 4500
001 - CONTROL NUMBER
control field 132145
003 - CONTROL NUMBER IDENTIFIER
control field OSt
005 - DATE AND TIME OF LATEST TRANSACTION
control field 20211012120000.0
008 - FIXED-LENGTH DATA ELEMENTS--GENERAL INFORMATION
fixed length control field
082 ## - DEWEY DECIMAL CLASSIFICATION NUMBER
Classification number 519.5
Item number F87S
100 1# - MAIN ENTRY--PERSONAL NAME
Personal name Freedman, David
245 1# - TITLE STATEMENT
Title Statistics
Statement of responsibility, etc by David Freedman, Robert Pisani and Roger Purves
250 ## - EDITION STATEMENT
Edition statement 4th ed.
260 ## - PUBLICATION, DISTRIBUTION, ETC. (IMPRINT)
Place of publication, distribution, etc New Delhi
Name of publisher, distributor, etc Viva Books
Date of publication, distribution, etc 2012
300 ## - PHYSICAL DESCRIPTION
Extent 576p.
690 ## - LOCAL SUBJECT ADDED ENTRY--TOPICAL TERM (OCLC, RLIN)
Topical term or geographic name as entry element Mathematical statistics
700 ## - ADDED ENTRY--PERSONAL NAME
Personal name Pisani, Robert
700 ## - ADDED ENTRY--PERSONAL NAME
Personal name Purves, Roger
942 ## - ADDED ENTRY ELEMENTS (KOHA)
Source of classification or shelving scheme Dewey Decimal Classification
Koha item type Books
Holdings
Withdrawn status Lost status Source of classification or shelving scheme Damaged status Not for loan Collection code Home library Current library Date acquired Source of acquisition Cost, normal purchase price Total Checkouts Full call number Barcode Date last seen Date checked out Price effective from Koha item type
    Dewey Decimal Classification     General Text Book Central University Of Rajasthan Central University Of Rajasthan 08/06/2012 EVS 495.00 2 519.5 F87S 8926 27/12/2024 06/12/2024 02/09/2020 Books